00595 2200205 4500001002100000005001500021035002000036007000300056008004100059020002200100082001000122084001600132100003600148245010100184260002700285300004200312650000900354650001700363650000900380INLIS00000000000154820260126091429 a0010-0126000007ta260126 g 0 ind  a978-602-6954-80-0 a633.2 a633.2 DHY l0 aDhyani Nastiti Purwantiningdyah1 aLimbah yang Berharga Integrasi Berbasis Kelapa Sawit dan Sapi /cDhyani Nastiti Purwantiningdyah aBogor :bBBP2TP,c2021 aiv, 20 hlm, :bilus, ;c15 cm x 21 cm 4aBuku 4alimbah sawit 4aSapi